000 00584nam a2200205Ia 4500
005 20250923150013.0
008 008 250917s9999 xx 000 0 eng d
037 _aTextual
040 _aDSWL
_beng
_cDSWL
041 _aeng
_2eng
084 _aY530aX:77.2, N98
_qDSWL
100 _aVarma, P.K.
_9841190
245 4 _aThe Great Indian Middle class
_c by P.K. Varma
260 _aNew Delhi
_b Viking Penguin India
_c1998
300 _axiv,232 p.
365 _aINR
_b265.50
925 _g265.50
942 _cTEXL
_hY530aX:77.2, N98
999 _c1458393
_d1458393